00369nam a2200133Ia 4500008004100000041001200041082001600053100001800069245006700087260003700154300001000191650001600201700001800217221030s9999 xx 000 0 und d aEnglish a105.23bMot aS. N. Motewar 0aComputer Programming In COBOLcby S. N. Motewar, S. Domkundwar bDhanpat Rai PubaNew Delhic1999 a15.14 aBE Computer aS. Domkundwar